=LDR 00000nam 2200000 4500 =001 INLIS000000000041219 =005 20130612150751 =008 ***********************************ind** =035 ##$$0010-061300000041219 =041 ##$$a ind =082 ##$$a 756.4 =090 ##$$a 746.4, Lak k =100 ##$$a Laksmanto, Hadrian Indra =245 ##$$a Kemasan unik dari kain/Hadrian Indra Laksmanto =260 ##$$a 2007 $b Surabaya =300 ##$$a 47 hlm., ilus., 21 cm =650 ##$$a Kerajinan Tangan =850 ##$$a NBPNMAT